00249nam a22001097a 4500020001800000082000800018100001700026245002800043250001100071260004800082300000900130 a9789332536791 a330 aJames Gerber aInternational Economics a6th ed aDorling KindersleybPearson educationc2014 a490p